Business, government, and society : (Record no. 1945)
[ view plain ]
| 000 -LEADER | |
|---|---|
| fixed length control field | 02507cam a22002054a 4500 |
| 020 ## - INTERNATIONAL STANDARD BOOK NUMBER | |
| ISBN | 0073659142 (alk. paper) |
| 050 00 - CALL NUMBER | |
| Classification number | HD60.5.U5 |
| Item number | S8 |
| 100 1# - AUTHOR | |
| Personal name | Steiner, George Albert, |
| 245 10 - TITLE | |
| Title | Business, government, and society : |
| Remainder of title | a managerial perspective : text and cases / |
| Statement of responsibility, etc | George A. Steiner, John F. Steiner. |
| 250 ## - EDITION | |
| Edition statement | 9th ed. |
| 260 ## - PUBLICATION INFORMATION | |
| Place of publication | Boston, Mass. : |
| Name of publisher | Irwin/McGraw-Hill, |
| Year of publication | 2000. |
| 300 ## - DESCRIPTION | |
| Number of Pages | xx, 731, 10 p. : |
| Other physical details | ill. ; |
| Dimensions | 24 cm. |
| 500 ## - NOTES | |
| General note | Rev. ed of: Business and society / George A. Steiner. 2nd ed. 1975. |
| 505 ## - FORMATTED CONTENTS NOTE | |
| Table of Content | Part 1 Framework for studying business, government, and society: introduction to the field; the business environment, case - the American Fur Company; business power, case - John D. Rockefeller and Standard Oil; critics of business, case - Time Warner and Rap Critics. <br/>Part 2 The nature and management of social responsibility: corporate social responsibility,; case - Union Carbide Corporation and Bhopal; implementing corporate social programs, case - Levi-Strauss & Co. in China.<br/> Part 3 Business ethics: ethics in the business system, case -Dow Corning and breast implants; making ethical decisions in business, case - Columbia/HCA Healthcare Corp.; an application of ethical principles.<br/> Part 4 Business and government: the government-business relationships - an overview, case - airline deregulation; reforming the regulatory system, case - Microsoft and antitrust; business and the political process, case - Federal Express. <br/>Part 5 Global management issues: multinational corporations and government relationships, case - North American Free Trade Agreement; global trends affecting the BGS relationship, case - Caterpillar Inc.<br/> Part 6 Pollution and environment: industrial pollution and environmental policy, case - owls, loggers, and old growth forests; assessing and managing pollution risks, case - asbestos litigation "bankrupts" Manville. <br/>Part 7 Business and the consumer: business and the consumer, case - advertising alcohol and tobacco.<br/> Part 8 Human resources: the changing face of organizational life, <br/>case - drug testing in the workplace - employer's rights versus employees' rights civil rights at work, <br/>cases - a new plant manager, Adarand versus Pena; Cotton Springfield. <br/>Part 9 Corporate governance: reforming corporate governance, case - US versus Michael R. Milken. |
| 650 #0 - SUBJECTS | |
| Topical Term | Industries |
| General subdivision | Social aspects |
| 650 #0 - SUBJECTS | |
| Topical Term | Industrial policy |
| 700 1# - OTHER AUTHORS | |
| Personal name | Steiner, John F. |
| 700 12 - OTHER AUTHORS | |
| Personal name | Steiner, George Albert, |
| 942 ## - ADDED ENTRY ELEMENTS (KOHA) | |
| Koha item type | Books |
| Withdrawn status | Lost status | Home library | Current library | Shelving location | Date acquired | Full call number | Accession Number | Koha item type | Collection code |
|---|---|---|---|---|---|---|---|---|---|
| Methodist University Library Main | Methodist University Library Main | General Stacks | 24/02/2006 | HD60.5.U5 S8 | 25284 | Books | Reference | ||
| Methodist University Library Tema | Methodist University Library Tema | General Stacks | 24/02/2006 | HD60.5.U5 S8 | 25258 | Books | |||
| Methodist University Library Tema | Methodist University Library Tema | General Stacks | 24/02/2006 | HD60.5.U5 S8 | 22994 | Books | |||
| Methodist University Library Tema | Methodist University Library Tema | General Stacks | 24/02/2006 | HD60.5.U5 S8 | 22997 | Books | |||
| Methodist University Library Tema | Methodist University Library Tema | General Stacks | 24/02/2006 | HD60.5.U5 S8 | 22998 | Books |